000 00593nam a2200241 a 4500
001 nice12345678
003 IN_TiNIC
005 20260116012044.0
008 050524s1965 hyda grp 000 0 urd
020 _a
_c100
082 0 0 _a922.97
_bMUH2
100 _aMuhammad, Abu Abdullah
245 _aIqbal Islami Pas Manzar Men
260 _aHyderabad
_bDaira Electric Press
_c1965
300 _a96p
500 _aincludes index and biblioraphy
505 2 _aThesis
650 _aIqbal Muhammad
700 1 _aMuhammad, Abu Abdullah
902 _bSRS
942 _cBK
999 _c5451
_d5451